000 00785nab a2200241 u 4500
001 08785
003 HDC
007 cr bn ---aaaaa
008 210131c20160608my dr|nes 0 a may d
040 _aHDC
245 0 _a210,663 USAHAWAN BUMIPUTERA BERSTATUS MIKRO
260 _aKuala Lumpur :
_bNew Straits Times Press (M) Bhd.,
_c2016
336 _atext
_2rdacontent
337 _acomputer
_2rdamedia
338 _aonline resource
_2rdacarrier
650 _aEntrepreneur
_91863
650 _aEntrepreneurship
_x
_99245
710 _aBerita Harian
856 _zRequest full-text at [email protected]
942 _2lcc
942 _cNEWS
942 _kNWSC 000819
999 _c6108
_d6108